000 00866nam a22003017a 4500
001 BR8904532
003 BR-BrBNA
005 20230928093313.0
007 ta
008 230509b bl.||||| |||| 00| 0 por d
040 _aBR-BrBNA
_bpor
_cBiblioteca Nacional de Agricultura
041 _a(Por)
072 _aE50; E12; E11
_b/G514
090 _ E50 BR8904532
110 1 _aFederacao de Orgaos para Assistencia Social e Educacional, Rio de Janeiro, RJ (Brasil)
245 1 _aO testamento do homen da floresta, Chico Mendes por ele mesmo
260 3 _aRio de Janeiro, RJ (Brasil):
_c1989.
300 _a71 p.
650 _aPOLITICA AGRARIA
650 _aTRABALHADOR RURAL
650 _aLIDERANCA
650 _aDESMATAMENTO
650 _aRURALISMO
650 _aSINDICATO
650 _aAMAZONIA
909 _a202309
_bLucia
_c55
_dLucia Elande
942 _cBK
999 _c44196
_d44196